| 000 | 01013nam a2200253 4500 | ||
|---|---|---|---|
| 003 | CO-ViMGA | ||
| 020 | _a9789585444386 | ||
| 040 |
_aCO-ViMGA _bspa _cCO-ViMGA |
||
| 090 | _aN HER12 | ||
| 100 | 1 |
_aHeredia, María Fernanda, _d1970- _92740 |
|
| 245 | 1 | 0 |
_aLos fantasmas tienen buena letra / _cMaría Fernanda Heredia ; ilustraciones de Roger Ycaza |
| 250 | _aEdición especial | ||
| 260 |
_aBogotá : _bLoqueleo, _c2018 |
||
| 300 |
_a145 páginas ; _bilustraciones en blanco y negro ; 20 cm |
||
| 490 | _aPlan Nacional de Lectura y Escritura Leer es mi Cuento / Ministerio de Cultura | ||
| 500 | _aIncluye datos biográficos del autor e ilustrador al final del texto. | ||
| 500 | _aRecomendado para un público infantil mayor de 9 años | ||
| 650 | 1 | 4 |
_aFantasmas _vNovela Infantil _913067 |
| 650 | 1 | 4 |
_aLiteratura infantil ecuatoriana _ySiglo XX _913066 |
| 650 | 1 | 4 |
_aMiedo _vNovela Infantil _913068 |
| 650 | 1 | 4 |
_aNovela infantil ecuatoriana _ySiglo XX _913065 |
| 700 | 1 |
_aYcaza, Roger _913069 |
|
| 942 |
_2ddc _cBK |
||
| 999 |
_c8679 _d8679 |
||